Chinese Cities With the Biggest Economies - Statistics

General Stats
  • This quiz has been taken 64 times
  • The average score is 28 of 50
Answer Stats
Rank 2021 GDP ($) City % Correct
1 648,222,800,000 Shanghai
98%
2 604,044,000,000 Beijing
96%
4 423,479,600,000 Guangzhou
94%
3 459,972,800,000 Shenzhen
91%
9 265,757,400,000 Wuhan
91%
7 298,754,700,000 Chengdu
89%
24 160,324,200,000 Xi'an
89%
5 418,410,300,000 Chongqing
87%
11 235,425,800,000 Tianjin
87%
48 80,275,500,000 Harbin
81%
34 105,508,500,000 Xiamen
80%
10 245,329,800,000 Nanjing
78%
13 212,046,900,000 Qingdao
78%
8 271,635,000,000 Hangzhou
76%
16 190,365,300,000 Zhengzhou
72%
29 117,388,500,000 Dalian
70%
31 108,745,500,000 Shenyang
70%
15 199,060,500,000 Changsha
69%
20 169,867,200,000 Fuzhou
65%
19 171,192,000,000 Hefei
65%
23 162,830,250,000 Dongguan
63%
32 108,337,500,000 Kunming
63%
6 340,774,500,000 Suzhou
63%
18 171,483,300,000 Jinan
57%
40 97,354,500,000 Shijiazhuang
57%
17 182,348,100,000 Foshan
56%
12 218,923,500,000 Ningbo
56%
30 113,775,300,000 Wenzhou
56%
50 76,824,200,000 Taiyuan
54%
14 210,048,600,000 Wuxi
54%
38 99,758,000,000 Nanchang
52%
33 106,546,800,000 Changchun
48%
45 81,706,500,000 Luoyang
48%
42 90,378,900,000 Taizhou
37%
43 86,792,850,000 Taizhou
37%
27 123,459,000,000 Tangshan
37%
26 130,676,250,000 Yantai
37%
21 169,562,600,000 Quanzhou
35%
44 81,982,500,000 Linyi
33%
25 132,113,700,000 Changzhou
31%
22 165,403,500,000 Nantong
31%
35 105,159,000,000 Weifang
30%
28 121,761,600,000 Xuzhou
30%
37 100,446,500,000 Yangzhou
30%
47 80,331,600,000 Jinhua
28%
39 99,260,900,000 Yancheng
19%
41 95,329,200,000 Jiaxing
17%
36 101,928,900,000 Shaoxing
17%
49 79,641,500,000 Xiangyang
15%
46 81,527,700,000 Yulin
15%
No matching quizzes found
Score Distribution
Percent of People with Each Score
Percentile by Number Answered
Your Score History
You have not taken this quiz